Cụ phó bảng Nguyễn Sinh Sắc

Gorde:
Xehetasun bibliografikoak
Egile nagusia: Nguyễn Đức Hiền (Chủ biên)
Beste egile batzuk: Nguyễn Hữu Hiếu, Ngô Bé
Formatua: Liburua
Hizkuntza:Vietnamese
Argitaratua: Đồng Tháp Khu di tích Nguyễn Sinh Sắc 1990
Gaiak:
Etiketak: Etiketa erantsi
Etiketarik gabe, Izan zaitez lehena erregistro honi etiketa jartzen!
Thư viện lưu trữ: Trung tâm Học liệu Lê Vũ Hùng, Trường Đại học Đồng Tháp
LEADER 00866pam a22002418a 4500
001 00000308
005 20171026081022.0
008 110318s1990 ||||||viesd
020 |c 8000 
041 0 # |a vie 
082 1 4 |a 959.702 3  |b C500PH 
100 0 # |a Nguyễn Đức Hiền  |e Chủ biên 
245 0 0 |a Cụ phó bảng Nguyễn Sinh Sắc  |c Nguyễn Đức Hiền, Nguyễn Hữu Hiếu, Ngô Bé 
260 # # |a Đồng Tháp  |b Khu di tích Nguyễn Sinh Sắc  |c 1990 
300 # # |a 240 tr.  |c 19 cm. 
650 # 4 |a Lịch sử việt nam 
653 # # |a Danh nhân  |a Nguyễn Sinh Sắc 
700 0 # |a Nguyễn Hữu Hiếu 
700 0 # |a Ngô Bé 
852 # # |b Kho đọc  |j KD.0000430 
852 # # |j KD.0000430 
910 |d 18/03/2011 
980 # # |a Trung tâm Học liệu Lê Vũ Hùng, Trường Đại học Đồng Tháp